Technical sketching with an introduction to 2D and 3D CAD : (Record no. 2797)

MARC details
000 -LEADER
fixed length control field 00905nac a22002291u 4500
090 ## - LOCALLY ASSIGNED LC-TYPE CALL NUMBER (OCLC); LOCAL CALL NUMBER (OCLC)
-- 2797
008 - FIXED-LENGTH DATA ELEMENTS--GENERAL INFORMATION
fixed length control field 080806t xxu||||| |||| 00| 0 eng d
010 ## - LIBRARY OF CONGRESS CONTROL NUMBER
LC control number 2006044792
020 ## - INTERNATIONAL STANDARD BOOK NUMBER
International Standard Book Number 0132432781 (paper)
082 00 - DEWEY DECIMAL CLASSIFICATION NUMBER
Classification number 604.2
Item number B4649
100 ## - MAIN ENTRY--PERSONAL NAME
Personal name Besterfield, Dale H.
245 10 - TITLE STATEMENT
Title Technical sketching with an introduction to 2D and 3D CAD :
Remainder of title for engineers, technologists, and technicians /
Statement of responsibility, etc Dale H. Besterfield, Robert E. O'Hagan.
250 ## - EDITION STATEMENT
Edition statement 4th ed.
260 ## - PUBLICATION, DISTRIBUTION, ETC. (IMPRINT)
Place of publication, distribution, etc Upper Saddle River, NJ :
Name of publisher, distributor, etc Pearson Prentice Hall,2007
Date of publication, distribution, etc 2007.
300 ## - PHYSICAL DESCRIPTION
Extent xi, 445 p. :
Other physical details ill. ;
Dimensions 28 cm.
500 ## - GENERAL NOTE
General note Includes index.
650 #0 - SUBJECT ADDED ENTRY--TOPICAL TERM
Topical term or geographic name as entry element Freehand technical sketching.
650 #0 - SUBJECT ADDED ENTRY--TOPICAL TERM
Topical term or geographic name as entry element Computer-aided design.
700 1# - ADDED ENTRY--PERSONAL NAME
Personal name O'Hagan, Robert E.
942 ## - ADDED ENTRY ELEMENTS (KOHA)
Item type Book - Borrowing
Call number prefix 604.2B4649
Source of classification or shelving scheme Dewey Decimal Classification
Holdings
Withdrawn status Item status Damaged status Not for loan Home library Current library Shelving location Date acquired Source of acquisition Total Checkouts Total Renewals Full call number Barcode Date last seen Date last borrowed Koha item type
        Central Library Central Library First floor 07/03/2006 Purchase 1 6 604.2 BES 000001309 15/07/2025 22/04/2015 Book - Borrowing